01426nam a2200313 i 4500003000900000005001700009007000300026008004100029040003000070041000800100082001800108100003900126245014100165246021400306264005300520300002800573336002700601337003300628338002800661500006400689504003000753590002700783700005700810700005400867910001400921942001400935952014600949999001701095DO-SdBNP20250716133245.0ta250716s2014 dr 000 0 spa d aDO-SdBNPbspacBNPHUerda aspa 4axxxbG633222 aGómez, Wilsoneautor985324aut.10aManual de derecho inmobiliario registral /cWilson Gómez ; liminar, Robinson A. Cuello Shanlatte ; prólogo, Juan Luperón Vásquez1 aManual de derecho inmobiliario registral :bestudio profundo de los aspectos y situaciones que se producen en el ámbito inmobiliario y un cuidadoso enfoque jurídico sobre los conflictos que se presentan. / 1aSanto Domingo :bEditora Amigo del Hogar,c2014. a359 páginas :c23 cm. atextobtxt2rdacontent asin mediaciónbn2rdamedia avolumenbnc2rdacarrier aIncluye datos biografícos del autor en la contraportada.  aBibliografía p: 351-359 aInventariado, 2025/ YL aCuello Shanlatte, Robinson A. eliminardlim.988372 aLuperón Vásquez, Juan eprólogo4pr.911844 aYLockward 2ddccLBS1 00102ddc51708PDaBNPHUbBNPHUcCTd2024-07-18eDonado por Claro Dominicanal0oBNPHU PD xxx G633p2025-6626r2025-07-16w2025-07-16yLBS1 c59559d59559